| 000 | 00772nam a22002057a 4500 | ||
|---|---|---|---|
| 003 | DO-SdBNP | ||
| 005 | 20260303090147.0 | ||
| 008 | 210820b 2018 ar 00| 0 eng d | ||
| 020 | _a978987456208 | ||
| 040 |
_aDO-SdBNP _bspa _cBNPHU |
||
| 100 | 1 |
_aRodríguez Porras, Simón _979510 |
|
| 245 | 1 | 0 |
_a¿Por qué fracasó el chavismo : _bun balance desde la oposición de izquierda / _cSimón Rodríguez Porras, Miguel Sorans |
| 260 |
_aBuenos Aires, Argentina : _bCentro de Estudios Humanos y Sociales, _c2018. |
||
| 300 |
_a218 p. ; _c20 cm. |
||
| 500 | _a | ||
| 590 | _aInventariado, 2021/BT | ||
| 700 | 1 |
_aAcosta Matos, Eliades, _d1959- _974479 |
|
| 910 | _aBtavarez | ||
| 942 |
_2ddc _cLBS1 |
||
| 999 |
_c49824 _d49824 |
||